zpět

Detail výsledku týmu

Pub U Sousedů, Praha

Datum a čas kvízu

29 Celkem bodů Celkový počet nahraných bodů na tomto kvízu bez doplňovacích otázek.
3. Pořadí na kvízu Konečné umístění týmu na tomto kvízu.

Zaznamenané odpovědi

# Otázka Odpověď Body Výsledky
1. Ministr obrany Lubomír Metnar... Vojenská policie 0
2. Italské letovisko, které je ob... Bibione 1
3. Rakouská společnost Koch Media... Warhorse (Studios) 1
4. Společnost Coca-Cola přichází... pomerančová 0
5. Přestože televizní program avi... Rozhodčí byla žena. 0
6. Dlouhé názvy filmů byly v módě... dobrodružství vojáka Ivana 0.5
5. Doplňte dvě slova do názvu fil... v Belgii 0
5. Volné pokračování úspěšné sati... to se počítá, pánové... 1
5. Kultovní režisér Woody Allen v... báli jste se zeptat 1
5. Rodinná komedie, kde se objevi... žádné holce neopustil 0